000 01314naa a22003137a 4500
001 BR8404612
003 BR-BrBNA
005 20240918175449.0
007 ta
008 230509b bl.||||| |||| 00| 0 por d
040 _aBR-BrBNA
_bpor
_cBiblioteca Nacional de Agricultura
041 _a(Pt)
072 _aP40
_b2110
_b3530
090 _aP40 BR8404612
100 1 _aCaramori, P.H.
100 1 _aOmetto, J.C.
100 1 _aCosta,J.D.
100 1 _aVilla Nova, A.
111 1 _a3. Congresso Brasileiro de Agrometeorologia
_cCampinas, SP (Brazil)
_d17-22 Jul 1983
245 1 _aEstudo sobre os efeitos do ventos em mudas de cacaueiro
260 3 _aCampinas, SP (Brasil):
_c1984.
500 _aAlfonsi, R.R.; Pedro Junior, M.J.; Camargo, M.B.P. de; Ortolani, A.A.; Brunini, O. (eds.) Anais do 3. Congresso Brasileiro de Agrometeorologia Campinas, SP (Brasil): 1984. p. 183-189 (BR8404612-AM)P40
650 _aCACAU
650 _aVENTO
650 _aMUDA
773 0 _tAnais do 3. Congresso Brasileiro de Agrometeorologia
_aAlfonsi, R.R.; Pedro Junior, M.J.; Camargo, M.B.P. de; Ortolani, A.A.; Brunini, O. (eds.). Sociedade Brasileira de Agrometeorologia, Campinas, SP (Brasil)
_wP40 BR8404612
_gCampinas, SP (Brasil), 1984. p. 183-189
909 _a202404
_bLucia
_c55
_dLucia Elande
942 _cAM
_2AGRIS
999 _c316851
_d316851